| 000 | 00000nam##2200000za#4500 |
| 001 | 9.643202 |
| 003 | CaOODSP |
| 005 | 20210624224047 |
| 007 | cr ||||||||||| |
| 008 | 150407|2000||||xxc|||||o f|0| 0 fre|d |
| 040 | |aCaOODSP|bfre |
| 043 | |an-cn--- |
| 086 | 1 |aEn14-179/2000F-PDF |
| 110 | 1 |aCanada.|bEnvironnement Canada. |bDirection générale de la prévention de la pollution atmospherérique. |
| 245 | 10|aAdditifs dans les combustibles canadiens, 1999 / |h[ressource électronique]|cpar Mark Tushingham, Mélanie Nadeau, et Christine Hodge. |
| 260 | |aOttawa - Ontario : |bEnvironnement Canada. |cMars 2000. |
| 300 | |a25p.|btableaux |
| 590 | |a14-21-Supp|b2014-12-11 |
| 691 | 07|aCarburant|2gcpds |
| 775 | 08|tAdditives in Canadian fuels, 1999 / |w(CaOODSP)9.699123 |
| 856 | 40|ahttp://publications.gc.ca|qPDF|s71 Ko|uhttps://publications.gc.ca/collections/collection_2014/ec/En14-179-2000-fra.pdf |